Effective leadership
Guardat en:
| Autor principal: | |
|---|---|
| Format: | Llibre |
| Idioma: | Undetermined |
| Publicat: |
Mason, Ohio
Thomson/South-Western
2007
|
| Matèries: | |
| Etiquetes: |
Afegir etiqueta
Sense etiquetes, Sigues el primer a etiquetar aquest registre!
|
| Thư viện lưu trữ: | Trung tâm Học liệu Trường Đại học Cần Thơ |
|---|
| LEADER | 00541nam a2200193Ia 4500 | ||
|---|---|---|---|
| 001 | CTU_124072 | ||
| 008 | 210402s9999 xx 000 0 und d | ||
| 020 | |c 1908000 | ||
| 082 | |a 658.4092 | ||
| 082 | |b L972 | ||
| 100 | |a Lussier, Robert N. | ||
| 245 | 0 | |a Effective leadership | |
| 245 | 0 | |c Robert N. Lussier, Christopher F. Achua | |
| 260 | |a Mason, Ohio | ||
| 260 | |b Thomson/South-Western | ||
| 260 | |c 2007 | ||
| 650 | |a Leadership,Teams in the workplace | ||
| 904 | |i Minh | ||
| 980 | |a Trung tâm Học liệu Trường Đại học Cần Thơ | ||